=LDR 00000nam 2200000 4500 =001 INLIS000000000046507 =005 20250320081055 =035 ##$$a 0010-031500000000279 =008 250320################d##########0#ind## =082 ##$$a 028.5 =090 ##$$a 028.5 tau m =100 ##$$a Taufik Remington =245 1#$$a Mempertahankan integritas /$c Taufik remington =260 ##$$a Bandung :$b Sarana Ilmu Pustaka,$c 2012 =300 ##$$a iv, 70 hlm : $b ilus ; $c 20 x 14,5 Cm. =850 ##$$aNBPNMAT =084 ##$$a 028.5 TAU m =020 ##$$a 978-802-8714-71-6 =990 ##$$a 21305311 =990 ##$$a 0001/BPAP-NTB/2015 =990 ##$$a 21601550/BPAP-NTB/2017 =990 ##$$a 1201511558 =990 ##$$a 1201511559 =990 ##$$a 21305310 =990 ##$$a 21305311 =990 ##$$a 0001/BPAP-NTB/2015 =990 ##$$a 21601550/BPAP-NTB/2017 =990 ##$$a 1201511558 =990 ##$$a 21305309 =990 ##$$a 21305311 =990 ##$$a 0001/BPAP-NTB/2015 =990 ##$$a 21601550/BPAP-NTB/2017 =990 ##$$a 21305310